000 00242nam a2200097Ia 4500
001 933596
005 20250826214948.0
008 250824s9999 xx 000 0 und d
245 0 _aPİRİ TÜRKİSTAN
_cYILMAZ ÖKSÜZ
260 _bKETEBE YAYINLARI
999 _c933596
_d933596